VFL Osnabrück Kader 24/25 - Statistiken

Allgemein
  • Dieses Quiz wurde 77 mal gespielt
  • Das Durchschnittsergebnis liegt bei 14 aus 25
Antwortstatistiken
Trikotnummer Name % Korrekt
8 Tesche
82%
4 Gyamfi
80%
9 Engelhardt
77%
25 Wiemann
75%
33 Beermann
73%
21 Jonsson
73%
39 Karademir
73%
1 Richter
72%
5 Ajdini
70%
36 Böggemann
67%
3 Conus
63%
26 Gnaase
62%
18 Kehl
60%
38 Wiethaup
58%
17 Semic
52%
11 Zwarts
52%
29 Niehoff
48%
10 Wulff
43%
37 Badjie
38%
7 Niemann
38%
35 Remberg
35%
14 Mulaj
30%
23 Ercan
27%
30 Oduah
23%
34 Langhammer
17%
Keine übereinstimmenden Quizze gefunden
Verteilung der Resultate
Anzahl Personen mit jedem Resultat
Perzentil nach korrekt beantworteten Fragen
Ihre Resultats-Entwicklung
Sie haben dieses Quiz noch nicht gespielt